000 00914nam a2200289 a 4500
001 BRCA_5558
005 20190320205130.0
008 300311r1928----nyua######---#000-0#eng-#
041 _aeng
044 _anyu
050 4 _aN610
_b.H36 1928
245 1 0 _aHandbook of the Benjamin Altman collection.
250 _a2
260 _aNueva York
_bThe Metropolitan Museum of Art
_c1928
300 _axvi, 166 p.
_bil., 51 láminas
_c22 cm.
500 _aIncluye índice de ilustraciones
500 _aEstado físico: Lomo deteriorado
500 _aF33
600 1 4 _aAltman, Benjamin
_vManuales
_xColecciones de arte
_914186
650 1 4 _aArte
_zNueva York
_910583
650 1 4 _aGalerías y museos
_zEstados Unidos
_97437
650 1 4 _aColeccionistas y colecciones
_914187
650 1 4 _aArte
_xColecciones particulares
_97906
710 2 _aThe Metropolitan Museum of Art
_914188
902 _aGFM
942 _2lcc
_cB
999 _c5252
_d5252